000 00612nam a22001937a 4500
003 KOHA_MİRAKIL
005 20241015081957.0
008 240929b2021 tu ||||| |||| 00| 0 tur d
020 _a9786057739889
040 _aTR-AnABB
_btur
_cTR-AnABB
041 _atur
082 _a956.1015
_bBIY 2021
100 _aBıyıktay, Ömer Halis.
245 0 _aYedi yıl harbi içinde Timur'un Anadolu seferi ve Ankara Savaşı /
_cÖmer Hali Bıyıktay.
260 _aİstanbul :
_bNesil Yayıncılık,
_c2021.
300 _a208 sayfa ;
_c21 cm.
650 _aTarih, Osmanlı İmparatorluğu
942 _2ddc
_cBK
999 _c2836
_d2836
900 _bCan ÇELIK